|
|
|
|
| LEADER |
00813nam a2200217 a 4500 |
| 001 |
13082274 |
| 008 |
090723s2002 ii b 000 1 eng d |
| 010 |
|
|
|a 2002298287
|
| 020 |
|
|
|a 8175300477
|
| 040 |
|
|
|a DLC
|c DLC
|
| 082 |
0 |
0 |
|a 809.30954
|2 21
|
| 100 |
1 |
|
|a Ghosh, Amitav.
|
| 245 |
1 |
4 |
|a The Imam and the Indian :
|b prose pieces /
|c by Amitav Ghosh.
|
| 260 |
|
|
|a Delhi :
|b Ravi Dayal :
|b Orient Longman,
|c c2002.
|
| 300 |
|
|
|a xvi, 361 p. ;
|c 22 cm.
|
| 504 |
|
|
|a Includes bibliographical references.
|
| 541 |
1 |
|
|e 00014915
|
| 650 |
|
0 |
|a Fiction
|x History and criticism
|z India.
|
| 852 |
4 |
|
|a Ayesha Abed Library
|j General shelf.
|
| 999 |
|
|
|c 2776
|d 2776
|
| 952 |
|
|
|0 0
|1 0
|2 ddc
|4 0
|6 809_309540000000000_GHO
|7 0
|9 2550
|a BRACUL
|b BRACUL
|c GEN
|d 2009-07-23
|g 775.00
|l 5
|m 13
|o 809.30954 GHO
|p 3010014915
|r 2024-01-24
|s 2023-09-24
|t 1
|w 2009-07-23
|y BK
|